000 00573nam a2200133 a 4500
008 120416s9999 xx |||||||||||||| || u
050 _aTT 305 Tat
100 _aTatton, W. H
245 1 0 _aIndustrial paint application
250 _a2nd edition
350 _a0.00
995 _aANNEX COLLECTION (Main Library)
_D0.00
_e017900
_FCBU-MAIN LIBRARY (Kitwe)
_H1
_I3.50
_jTT 305 Tat
_UAVAILABLE
_y017900
_ZAnnex Low-Usage Collection
995 _aMAIN LIBRARY OPEN ACCESS
_D0.00
_e017901
_FCBU-MAIN LIBRARY (Kitwe)
_H2
_I3.50
_jTT 305 Tat
_UAVAILABLE
_y017901
_ZMain Library Open Access Collection
999 _c76500
_d76500